| 000 | 01195cam a2200253 4500 | ||
|---|---|---|---|
| 001 | L136982 | ||
| 008 | 070307s2007 xxk f 000 0 eng d | ||
| 035 | _a(Sirsi) u136982 | ||
| 041 | 0 | _aeng | |
| 100 | 1 | _aBrown, Katy | |
| 245 | 0 | 0 | _aBack to the carbon-saving future |
| 260 | _c2007 | ||
| 490 | 0 |
_aWorkplacelaw _v(24) February 2007, 12-15(4) |
|
| 520 | _aInvestigates what the government's legislation for a carbon-saving future will mean for business. Covers the most significant current legislation that relates to energy, Part L (Conservation of Fuel and Power) of the Building Regulations, which comes into force in April 2006. Also covers the UK Emissions Trading Scheme and the EU Energy Performance of Buildings Directive. | ||
| 590 | _aKA | ||
| 650 | 2 | 4 | _aSTERN REVIEW ON THE ECONOMICS OF CLIMATE CHANGE |
| 650 | 2 | 4 | _aEMISSIONS TRADING SCHEME |
| 650 | 2 | 4 | _aDIRECTIVE 2002/91/EC |
| 650 | 2 | 4 | _aBUILDING REGULATIONS 2000 APPROVED DOCUMENT L2A (2006 EDITION) |
| 650 | 2 | 4 | _aBUILDING REGULATIONS 2000 APPROVED DOCUMENT L2B (2006 EDITION) |
| 651 | 4 |
_aEngland and Wales _y1543- |
|
| 690 | _aENVIRONMENTAL AND LAND CONSULTANCY-ENERGY-ENERGY USE-ENERGY EFFICIENCY | ||
| 942 | _n0 | ||
| 999 |
_c106571 _d106571 |
||